书目信息 |
| 题名: |
新视野商务英语视听说
|
|
| 作者: | 马龙海 主编 | |
| 分册: | 下册 教师用书 | |
| 出版信息: | 北京 外语教学与研究出版社 2010.08 |
|
| 页数: | 135页 | |
| 开本: | 28cm | |
| 丛书名: | ||
| 单 册: | ||
| 中图分类: | H319.9 | |
| 科图分类: | ||
| 主题词: | 商务--Shang Wu--英语--听说教学--高等学校--教材 | |
| 电子资源: | ||
| ISBN: | 978-7-5600-9531-8 | |
| 000 | 01067nam 2200289 450 | |
| 001 | 1131723016 | |
| 005 | 20110901085521.79 | |
| 010 | @a978-7-5600-9531-8@dCNY25.90 (含光盘) | |
| 010 | @a978-7-89478-487-2@b光盘 ; 下册 | |
| 100 | @a20110224d2010 em y0chiy50 ea | |
| 101 | 0 | @achi@aeng |
| 102 | @aCN@b110000 | |
| 105 | @aak z 000yy | |
| 106 | @ar | |
| 200 | 1 | @a新视野商务英语视听说@AXin Shi Ye Shang Wu Ying Yu Shi Ting Shuo@d= New horizon business English: viewing, listening & speaking@h下册@i教师用书@f主编马龙海@zeng |
| 205 | @a第2版 | |
| 210 | @a北京@c外语教学与研究出版社@d2010.08 | |
| 215 | @a135页@c图@d28cm@e光盘1片 | |
| 330 | @a本书分为十个单元,每个单元由“交际技巧”、“语言知识”、“商务实践”三部分组成。 | |
| 333 | @a普通高等教育“十一五”国家级规划教材 | |
| 510 | 1 | @aNew horizon business English: viewing, listening & speaking@zeng |
| 586 | @a | |
| 606 | 0 | @a商务@AShang Wu@x英语@x听说教学@x高等学校@j教材 |
| 690 | @aH319.9@v5 | |
| 701 | 0 | @a马龙海@AMa Long Hai@4主编 |
| 801 | 0 | @aCN@c20110610 |
| 905 | @dH319.9@eM0914:2@f3 | |
| 新视野商务英语视听说= New horizon business English: viewing, listening & speaking.下册.教师用书/主编马龙海.-第2版.-北京:外语教学与研究出版社,2010.08 |
| 135页:图;28cm+光盘1片 |
| 使用对象:普通高等教育“十一五”国家级规划教材 |
| ISBN 978-7-5600-9531-8:CNY25.90 (含光盘) |
| 本书分为十个单元,每个单元由“交际技巧”、“语言知识”、“商务实践”三部分组成。 |
| ● |
| 相关链接 |
|
|
|
正题名:新视野商务英语视听说
索取号:H319.9/M0914:2
 
预约/预借
| 序号 | 登录号 | 条形码 | 馆藏地/架位号 | 状态 | 备注 |
| 1 | 1014721 | 210147214 | 语言库209/209语言库 30排2列3层/ [索取号:H319.9/M0914:2] | 在馆 | |
| 2 | 1014722 | 210147223 | 语言库209/209语言库 30排2列3层/ [索取号:H319.9/M0914:2] | 在馆 | |
| 3 | 1014723 | 210147232 | 语言库209/209语言库 30排2列3层/ [索取号:H319.9/M0914:2] | 在馆 |